Setia mengabdi kepentingan² vital pemuda Indonesia dan tjita-tjita revolusi Agustus 1945 : (Record no. 58960)

MARC details
000 -LEADER
fixed length control field 00734cam a22002171i 4500
001 - CONTROL NUMBER
control field sa 64005129
003 - CONTROL NUMBER IDENTIFIER
control field DLC
005 - DATE AND TIME OF LATEST TRANSACTION
control field 20260227112030.0
008 - FIXED-LENGTH DATA ELEMENTS--GENERAL INFORMATION
fixed length control field 870402s1962 io 000 0 ind
010 ## - LIBRARY OF CONGRESS CONTROL NUMBER
LC control number sa 64005129
035 ## - SYSTEM CONTROL NUMBER
System control number (OCoLC)15477888
040 ## - CATALOGING SOURCE
Original cataloging agency DLC
Transcribing agency OAU
Modifying agency DLC
042 ## - AUTHENTICATION CODE
Authentication code premarc
043 ## - GEOGRAPHIC AREA CODE
Geographic area code a-io---
050 00 - LIBRARY OF CONGRESS CALL NUMBER
Classification number DS644
Item number .P4
100 1# - MAIN ENTRY--PERSONAL NAME
Personal name Aidit, D. N.,
Dates associated with a name 1923-1965.
245 10 - TITLE STATEMENT
Title Setia mengabdi kepentingan² vital pemuda Indonesia dan tjita-tjita revolusi Agustus 1945 :
Remainder of title laporan umum dalam Kongres Nasional ke-VI Pemuda Rakjat.
260 ## - PUBLICATION, DISTRIBUTION, ETC.
Place of publication, distribution, etc. [Djakarta :
Name of publisher, distributor, etc. Departemen Pendidikan Penerangan DN Pemuda Rakjat,
Date of publication, distribution, etc. 1962]
300 ## - PHYSICAL DESCRIPTION
Extent 71 p. ;
Dimensions 18 cm.
651 #0 - SUBJECT ADDED ENTRY--GEOGRAPHIC NAME
Geographic name Indonesia
General subdivision Politics and government
Chronological subdivision 1950-1966.

No items available.

Powered by Koha